1609 1275 1833 1269 1081 1549 1388 1473 1003 1721 1912 1076 1712 1352 1338 1238 1237 1052 1330 1726 1199 1809 1652 1258 1109 1218 1738 1748 1700 1671 1596 1985 1422 1904 1358 1163 1905 1144 1255 1211 1380 1384 1724 1569 1232 1462 1149 1661 1483 1325 1193 1398 1461 1655 1944 1079 1295 1443 1596 1443 1252 1656 1351 1975 1880 1675 1787 1171 1614 1964 1692 1882 1507 1005 1336 1932 1353 1991 1903 1539 1263 1856 1287 1297 1853 1459 1304 1531 1665 1915 1985 1589 1432 1043 1543 1117 1797 1856 1000 BCNSPRNW ULIB Ver.6.0+V

เปลี่ยนเป็นภาษาไทย

Change to English
 แสดงรายละเอียดบรรณานุกรม
  กลับหน้าหลัก

Brief Record : Get Marc (ISO 2709) : E-mail record : QR code < ปิดหน้าต่าง
LEADER : 00000nam 2200000uu 4500
001    13399111421
003     ULIB
008    110624s||||||||th 000 0 tha d
020    9789743494437
050  4 BQ2463^bพ414น 2551
100 0  พระอาจารย์วิเชียร วชิรปัญโญ
245 10 นิพพานนอกวัด /^cพระอาจารย์วิเชียร วชิรปัญโญ
260    กรุงเทพฯ :^bปราชญ์สำนักพิมพ์,^c2551
300    160 หน้า ;^c21 ซม
650  7 สมาธิ
650  7 การปฏิบัติธรรม
650  7 นิพพาน
650  7 ธรรมะกับชีวิต
945    ^p135^l0^i027463
995    ทศพร
999 ^a ใช้งานได้ทุกระบบ
รายการนี้ยังไม่มีแท็ก
คุณยังไม่ได้ล็อกอิน คุณสามารถมีกิจกรรมร่วมกับเว็บไซต์ได้ แต่ต้องล็อกอินก่อน ::
  ล็อกอิน

รายการสื่อสารสนเทศ

ลำดับที่ ประเภท เลขเรียก/บาร์โค้ด สถานที่ สถานะ
- ไม่พบข้อมูล -

รายการใกล้เคียง
    ผู้แต่ง [พระอาจารย์วิเชียร วชิรปัญโญ]

    หัวเรื่อง [สมาธิ]
    หัวเรื่อง [การปฏิบัติธรรม]
    หัวเรื่อง [นิพพาน]
    หัวเรื่อง [ธรรมะกับชีวิต]

BibComment


ยังไม่เคยถูกคอมเมนท์

คอมเมนท์ทรัพยากรรายการนี้
  คอมเมนท์: นิพพานนอกวัด พระ..


 Copyright 2026. Bcnsprnw @Library